Advanced inorganic chemistry (Record no. 2836)

000 -LEADER
fixed length control field 00571nam a2200241u 4500
001 - CONTROL NUMBER
control field 2836
003 - CONTROL NUMBER IDENTIFIER
control field BD-DhUET
008 - FIXED-LENGTH DATA ELEMENTS--GENERAL INFORMATION
fixed length control field 890901s1965 ii 000 0 eng
020 ## - INTERNATIONAL STANDARD BOOK NUMBER
International Standard Book Number 8121902630
040 ## - CATALOGING SOURCE
Original cataloging agency DLC
Transcribing agency DLC
Modifying agency BD-DhUET
082 ## - DEWEY DECIMAL CLASSIFICATION NUMBER
Classification number 546
Item number PRA/2000
100 ## - MAIN ENTRY--PERSONAL NAME
Personal name Prakash, Satya
245 00 - TITLE STATEMENT
Title Advanced inorganic chemistry
250 ## - EDITION STATEMENT
Edition statement 1st ed.
260 ## - PUBLICATION, DISTRIBUTION, ETC. (IMPRINT)
Place of publication, distribution, etc. New York
Name of publisher, distributor, etc. S. Chand
Date of publication, distribution, etc. 2000
300 ## - PHYSICAL DESCRIPTION
Extent xvi, 1157p.
Other physical details ill.
500 ## - GENERAL NOTE
General note Vol. I
650 #0 - SUBJECT ADDED ENTRY--TOPICAL TERM
Topical term or geographic name as entry element Chemistry
700 ## - ADDED ENTRY--PERSONAL NAME
Personal name Tuli, G. D.
700 ## - ADDED ENTRY--PERSONAL NAME
Personal name Basu, S. K.
700 ## - ADDED ENTRY--PERSONAL NAME
Personal name Madan, R. D.
942 ## - ADDED ENTRY ELEMENTS (KOHA)
Koha item type General Book
Holdings
Lost status Koha item type Damaged status Koha normalized classification for sorting Koha issues (times borrowed) Price effective from Shelving location Koha full call number Copy number Date acquired Source of classification or shelving scheme Withdrawn status Koha renewals Koha date last seen Location (home branch) Piece designation (barcode) Not for loan Koha date last borrowed Sublocation or collection (holding branch)
 General Book 546_000000000000000_PRA_200052014-10-12Circulation section546/PRA/200012014-10-12  22024-05-26Central Library, BUET96435 2024-04-27Central Library, BUET
 General Book 546PRA2000122014-11-09Circulation section546/PRA/200022014-11-09  12020-02-24Central Library, BUET96433 2020-02-23Central Library, BUET
 Reading Item 546_000000000000000_PRA_2000 2015-06-16Reading section546/PRA/200032015-06-16   2015-06-16Central Library, BUET96431  Central Library, BUET
 General Book 546_000000000000000_PRA_200062015-12-28Circulation section546/PRA/200042015-12-28   2019-09-01Central Library, BUET96434 2019-08-24Central Library, BUET